MESTSKÁ KNIŽNICA GIRALTOVCE  - online katalóg 

Nahlas o Tichom Potoku z druhej strany (Record no. 15266)

000 -NÁVESTIE
fixed length control field 00605nam a2200193 a 4500
008 - ÚDAJE S PEVNOU DĹŽKOU – VŠEOBECNÉ INFORMÁCIE
fixed length control field 960412s1996 m yxo p r y 0 slo c
020 ## - MEDZINÁRODNÉ ŠTANDARDNÉ ČÍSLO KNIHY (ISBN)
Medzinárodné štandardné číslo knihy (ISBN) 8096758608
Údaje o dostupnosti 10
040 ## - ZDROJ KATALOGIZÁCIE
Pôvodná katalogizujúca agentúra SNK
Jazyk katalogizácie slo
Prepisujúca agentúra SNK
Konvencie popisu AACR2
041 1# - KÓD JAZYKA
Kód jazyka textu/zvukovej stopy alebo samostatných nápisov slo
044 ## - KÓD KRAJINY VYDAVATEĽA/PRODUCENTA
Kód krajiny MARC xo
Kód krajiny ISO SK
080 ## - ČÍSLO MEDZINÁRODNÉHO DESATINNÉHO TRIEDENIA (MDT)
Číslo Medzinárodného desatinného triedenia (MDT) 627.8(437.67)
100 1# - OSOBNÉ MENÁ – VŠEOBECNÉ INFORMÁCIE
Osobné meno Binder, Július
Kód roly aut
245 10 - NÁZOV
Názov Nahlas o Tichom Potoku z druhej strany
Údaj o zodpovednosti atď. Július Binder
260 ## - VYDAVATEĽSKÉ ÚDAJE, DISTRIBÚCIA ATĎ.
Miesto publikovania, distribúcie atď. Bratislava
Názov vydavateľa, distibútora atď. AFA
Dátum publikovania, distribúcie atď. 1996
300 ## - FYZICKÝ POPIS
Rozsah 50 s.
Ďalšie fyzické detaily Fotogr., tab.
Rozmery 21 cm
610 07 - PRIDANÝ VSTUP – PREDMET – KORPORATÍVNE MENO
Korporatívne meno alebo meno jurisdikcie ako vstupný prvok Tichý Potok (Slovensko)
Termín označujúci rolu Vodná nádrž
Všeobecný pododdiel brožúry
Zdroj hesla alebo termínu SNK
611 17 - PRIDANÝ VSTUP – PREDMET – MENO ZHROMAŽDENIA
Meno zhromaždenia alebo meno jurisdikcie ako vstupný prvok Tichý Potok (Slovensko)
Podriadená jednotka Vodná nádrž
Všeobecný pododdiel brožúry
Zdroj hesla alebo termínu SNK
958 ## - Formálny deskriptor
Formálny deskriptor APP
Holdings
Stav stiahnutia (Blokovanie) (Withrawn status) Stav straty Stav poškodenia (Damaged status) Nie pre výpožičky (Not for loan) Spôsob nadobudnutia (Collection code) Trvalé umiestnenie Aktuálne umiestnenie Dátum nadobudnutia Náklady, bežná kúpna cena Inventárne číslo (prírastkové číslo) Full call number Dátum posledného výskytu Cena s účinnosťou od Typ jednotky Koha
        Kúpa Mestská knižnica Giraltovce Mestská knižnica Giraltovce 2019-11-29 10.00 14301 I 0341 2019-11-29 2019-11-29 Odborná literatúra pre dospelých

Powered by Koha